000 01224nam a2200301Ia 4500
005 20220317000457.0
008 160315s2013 sp g 000 f spa
020 _a9788433975843
100 1 _aHighsmith, Patricia
_d1921-1995
245 1 0 _aTom Ripley ; a pleno sol ; La máscara de Ripley ; El amigo americano ; Tras los pasos de Ripley ; Ripley en peligro
_cPatricia Highsmith ; traducción Jordi Beltrán, Isabel Núñez
250 _aTercera edición
300 _a1274 páginas
_c25 cm
490 _aAnagrama
_pOtra vuelta de tuerca
_v4
534 _tThe talented Mr. Ripley ; Ripley under ground ; Ripley's game ; The boy who followed Ripley ; Ripley under water
650 1 4 _2LEMB
_aNovela suiza
_ySiglo XX
650 1 4 _2LEMB
_aLiteratura suiza
_ySiglo XX
650 1 4 _2LEMB
_aPolicías en la literatura
650 1 4 _2LEMB
_aDelincuentes en la literatura
700 1 _aBeltrán, Jordi
_d1943-
_etraductor
_999768
700 1 _aNúñez, Isabel
_etraductora
_999769
942 _2loc
_cBKLIT
264 _aBarcelona
_bAnagrama
_c2013
336 _atexto
_btxt
_2rdacontent
337 _asin mediación
_bn
_2rdamedia
338 _avolumen
_bnc
_2rdacarrier
040 _aCO-BoRNBP
_bspa
_erda
_cCO-BoRNBP
084 _aN HIG1
999 _c4158
_d4158